000 00718cab a2200217 4500
001 WB3503-12
008 090401t1999 xxu||||| |||| 00| 0 eng d
035 _a(Sirsi) u90775
041 _aeng
245 _aEnd of rent rises?
260 _c1999
350 _a0
490 _aProperty Week
_v64(2) 15 January 1999, 17(1)
520 _aJones Lang Wootton`s Christmas Retail Report predicts the end of the retailers` rush for space that has led to rent rises in recent years.
650 _aPROPERTY-COMMERCIAL PROPERTY-RETAIL PROPERTY-RETAIL PROPERTY MARKET
650 _aRETAIL RENTS
650 _aRETAIL SPACE
690 _aPROPERTY-COMMERCIAL PROPERTY-RETAIL PROPERTY
942 _n0
948 _c19/01/1999
999 _c57569
_d57569